| 000 | 00988nam a2200253Ia 4500 | ||
|---|---|---|---|
| 003 | OSt | ||
| 005 | 20220923211213.0 | ||
| 006 | a|||||r|||| 00| 0 | ||
| 007 | ta | ||
| 008 | 220922b |||||||| |||| 00| 0 urd d | ||
| 020 |
_a9788126041657 (hbk) _c150 |
||
| 024 | _a289,993 | ||
| 037 |
_b1028, 18/03/2016, H.K. Prakashan _cTextual |
||
| 040 |
_aARTS _cARTS _burd |
||
| 041 |
_2urd _aurd |
||
| 082 | _aO168,3x, 153Q3 | ||
| 100 |
_aਮੁਹੰਮਦ ਅFਰਫ _9159578 |
||
| 245 | 0 |
_aਸਾਹਿਤ ਅਕਾਦੇਮੀ ਵੱਲੋਂ ਸਨਮਾਨਿਤ ਉਰਦੂ ਕਹਾਣੀ ਸੰਗ੍ਰਹਿ _b ਪਵਨ ਸਮੀਰ ਦੀ ਉਡੀਕ |
|
| 260 |
_aਨਵੀ੍ਵ ਦਿੱਲੀ _b ਸਾਹਿਤ ਅਕਾਦੇਮੀ _c2013 |
||
| 300 |
_a208ਪੰ _ccm. |
||
| 650 |
_aਉਰਦੂ ਸਾਹਿਤ _9159579 |
||
| 942 |
_hO168,3x, 153Q3 _cTEXL _2CC |
||
| 999 |
_c296787 _d296787 |
||